| 000 | 00808nas a2200253 4500 | ||
|---|---|---|---|
| 001 | BR2014005028 | ||
| 003 | BR-BrBNA | ||
| 005 | 20231205124412.0 | ||
| 007 | ta | ||
| 008 | 230509b bl.|||p| |||| 00| 00por d | ||
| 040 |
_aBR-BrBNA _bpor _cBiblioteca Nacional de Agricultura |
||
| 041 | _a(Pt) | ||
| 072 | _aN01; K10 | ||
| 100 | 1 | _aNascimento, F.R. | |
| 100 | 1 | _aFenner, P.T. | |
| 245 | 1 | _aComparação entre os custos de implantação para estradas primárias e secundárias de uso florestal | |
| 650 | _aPRODUÇÃO FLORESTAL | ||
| 650 | _aESTRADA RURAL | ||
| 650 | _aANÁLISE ECONÔMICA | ||
| 650 | _aEUCALIPTO | ||
| 773 | 0 |
_tEnergia na Agricultura (Brazil) _xISSN 1808-8759 _g(Jul-Sep 2007), V. 22(3) p. 50-62 _wBR2014005028 |
|
| 909 |
_a202311 _bLúcia _c55 _dLúcia Elande |
||
| 942 |
_2AGRIS _n0 _cANA |
||
| 999 |
_c238888 _d238888 |
||